The petroleum chemicals industry
Saved in:
| Hovedforfatter: | |
|---|---|
| Format: | Bog |
| Sprog: | engelsk |
| Udgivet: |
Londres
E. & F. N. Spon
1958
|
| Udgivelse: | 2a. ed |
| Serier: | General and Industrial Chemistry Series
|
| Fag: | |
| Tags: |
Tilføj Tag
Ingen Tags, Vær først til at tagge denne postø!
|
MARC
| LEADER | 00000nam a2200000 a 4500 | ||
|---|---|---|---|
| 001 | UCU7663 | ||
| 003 | CL-VaPUC | ||
| 008 | 960705e19580000UK |||||||||||||||||eng|d | ||
| 082 | 0 | 4 | |a 661.804 |b GOL |2 21 |
| 100 | 0 | |a Goldstein, Richard Frank |e author |9 366641 | |
| 245 | 1 | 4 | |a The petroleum chemicals industry |
| 250 | |a 2a. ed | ||
| 300 | |a 458 p | ||
| 942 | |c BK | ||
| 945 | |d 19960705 00:00:00 |a paguirre | ||
| 260 | |a Londres |b E. & F. N. Spon |c 1958 | ||
| 650 | 0 | |a Tecnología química |9 263002 | |
| 650 | 7 | |a INDUSTRIA PETROLIFERA |2 CL-VaPUC |9 364004 | |
| 650 | 7 | |a PETROLEO |2 CL-VaPUC |9 320865 | |
| 650 | 7 | |a TECNOLOGIA DEL PETROLEO |2 CL-VaPUC |9 338072 | |
| 650 | 7 | |a PRODUCTOS QUIMICOS ORGANICOS |2 CL-VaPUC |9 344420 | |
| 583 | |a last modification |c 19960705 00:00:00 |k Rodrigo Vera | ||
| 490 | 0 | |a General and Industrial Chemistry Series | |
| 999 | |c 250255 |d 250253 | ||
| 952 | |0 0 |1 0 |4 0 |6 661_804000000000000_GOL_1958 |7 0 |8 A |9 268156 |a BIBING |b BIBING |d 2019-11-19 |i 1694960 |o 661.804 GOL 1958 |p 1694960 |r 2025-01-20 |w 2019-11-19 |y BK |k EIQ | ||